[Event "Blitz 2018"]
[Site "Saint-Petersburg"]
[Date "2018.12.30"]
[Round "21"]
[Board "44"]
[White "Jumabayev Rinat (KAZ)"]
[Black "Tari Aryan (NOR)"]
[Result "1-0"]
[LiveChessVersion "1.4.8"]
[BlackElo "2608"]
[WhiteElo "2554"]

1. e4 {[%clk 0:03:04]} e5 {[%clk 0:03:03]} 2. Nf3 {[%clk 0:03:05]} Nc6
{[%clk 0:03:05]} 3. Bc4 {[%clk 0:03:04]} Nf6 {[%clk 0:03:05]} 4. d3
{[%clk 0:03:05]} Bc5 {[%clk 0:03:06]} 5. c3 {[%clk 0:03:03]} a6 {[%clk 0:03:07]}
6. a4 {[%clk 0:03:05]} Ba7 {[%clk 0:03:08]} 7. Bg5 {[%clk 0:03:03]} h6
{[%clk 0:03:04]} 8. Bh4 {[%clk 0:03:04]} g5 {[%clk 0:03:03]} 9. Bg3
{[%clk 0:03:05]} d6 {[%clk 0:03:02]} 10. Na3 {[%clk 0:03:05]} Qe7
{[%clk 0:02:46]} 11. Nc2 {[%clk 0:03:03]} Be6 {[%clk 0:02:46]} 12. Qe2
{[%clk 0:03:04]} Nb8 {[%clk 0:02:06]} 13. Ne3 {[%clk 0:02:32]} Nbd7
{[%clk 0:02:07]} 14. Nd2 {[%clk 0:02:26]} Nf8 {[%clk 0:01:54]} 15. h4
{[%clk 0:01:54]} Rg8 {[%clk 0:01:32]} 16. hxg5 {[%clk 0:01:50]} hxg5
{[%clk 0:01:33]} 17. Qf3 {[%clk 0:01:33]} g4 {[%clk 0:01:16]} 18. Qe2
{[%clk 0:01:33]} Ng6 {[%clk 0:01:17]} 19. Bxe6 {[%clk 0:01:21]} Qxe6
{[%clk 0:01:08]} 20. Nf5 {[%clk 0:01:17]} O-O-O {[%clk 0:01:03]} 21. c4
{[%clk 0:00:56]} d5 {[%clk 0:00:45]} 22. cxd5 {[%clk 0:00:15]} Nxd5
{[%clk 0:00:46]} 23. exd5 {[%clk 0:00:12]} Qxf5 {[%clk 0:00:47]} 24. Qe4
{[%clk 0:00:11]} Qd7 {[%clk 0:00:44]} 25. Rh5 {[%clk 0:00:12]} Qxd5
{[%clk 0:00:42]} 26. Qxg4+ Kb8 27. Qe4 {[%clk 0:00:09]} Qxd3 {[%clk 0:00:41]} 28.
Qxd3 {[%clk 0:00:09]} Rxd3 {[%clk 0:00:42]} 29. Rc1 {[%clk 0:00:09]} Rgd8
{[%clk 0:00:34]} 30. Rc2 {[%clk 0:00:09]} R3d5 {[%clk 0:00:28]} 31. Ne4
{[%clk 0:00:06]} Bd4 {[%clk 0:00:26]} 32. Ke2 {[%clk 0:00:06]} Ne7
{[%clk 0:00:26]} 33. Nf6 {[%clk 0:00:06]} R5d6 {[%clk 0:00:26]} 34. Ng4
{[%clk 0:00:06]} Re6 {[%clk 0:00:21]} 35. Kf1 {[%clk 0:00:04]} f5
{[%clk 0:00:21]} 36. Nh2 {[%clk 0:00:03]} Rd7 {[%clk 0:00:11]} 37. Nf3 Nc6 38.
Rxf5 {[%clk 0:00:05]} e4 {[%clk 0:00:14]} 39. Ng5 {[%clk 0:00:04]} Re8
{[%clk 0:00:15]} 40. b3 {[%clk 0:00:04]} Nb4 {[%clk 0:00:15]} 41. Rc4
{[%clk 0:00:05]} Nc6 {[%clk 0:00:16]} 42. Rf7 {[%clk 0:00:05]} Rd5
{[%clk 0:00:16]} 43. Bxc7+ {[%clk 0:00:05]} Ka8 {[%clk 0:00:16]} 44. Nh3
{[%clk 0:00:06]} e3 {[%clk 0:00:14]} 45. fxe3 {[%clk 0:00:06]} Bxe3
{[%clk 0:00:16]} 46. Nf4 {[%clk 0:00:06]} Rd2 {[%clk 0:00:16]} 47. Nh3
{[%clk 0:00:04]} Bd4 {[%clk 0:00:16]} 48. g4 {[%clk 0:00:05]} Ree2
{[%clk 0:00:15]} 49. a5 {[%clk 0:00:04]} Ka7 {[%clk 0:00:09]} 50. Rxd4
{[%clk 0:00:05]} Rxd4 {[%clk 0:00:04]} 51. Bb6+ {[%clk 0:00:06]} Kb8
{[%clk 0:00:04]} 52. Rf8+ {[%clk 0:00:07]} Rd8 {[%clk 0:00:05]} 53. Rxd8+
{[%clk 0:00:08]} 1-0

[Event "Blitz 2018"]
[Site "Saint-Petersburg"]
[Date "2018.12.30"]
[Round "21"]
[Board "45"]
[White "Najer Evgeniy (RUS)"]
[Black "Miton Kamil (POL)"]
[Result "1/2-1/2"]
[LiveChessVersion "1.4.8"]
[BlackElo "2520"]
[WhiteElo "2573"]

1. e4 {[%clk 0:03:03]} c5 {[%clk 0:03:02]} 2. Nf3 {[%clk 0:03:03]} d6
{[%clk 0:03:02]} 3. d4 {[%clk 0:03:04]} cxd4 {[%clk 0:03:03]} 4. Nxd4
{[%clk 0:03:04]} Nf6 {[%clk 0:03:03]} 5. Nc3 {[%clk 0:03:05]} Bd7
{[%clk 0:03:04]} 6. f3 {[%clk 0:03:01]} e5 {[%clk 0:03:01]} 7. Nb3
{[%clk 0:03:02]} Be7 {[%clk 0:02:59]} 8. Be3 {[%clk 0:03:02]} a5 {[%clk 0:02:58]}
9. Be2 {[%clk 0:02:57]} O-O {[%clk 0:02:54]} 10. O-O {[%clk 0:02:57]} Be6
{[%clk 0:02:49]} 11. Qd2 {[%clk 0:02:49]} a4 {[%clk 0:02:40]} 12. Nc1
{[%clk 0:02:49]} d5 {[%clk 0:02:32]} 13. exd5 {[%clk 0:02:50]} Nxd5
{[%clk 0:02:32]} 14. Nxd5 {[%clk 0:02:50]} Qxd5 {[%clk 0:02:28]} 15. Qxd5
{[%clk 0:02:51]} 1/2-1/2

[Event "Blitz 2018"]
[Site "Saint-Petersburg"]
[Date "2018.12.30"]
[Round "21"]
[Board "46"]
[White "Yilmaz Mustafa (TUR)"]
[Black "Grachev Boris (RUS)"]
[Result "0-1"]
[LiveChessVersion "1.4.8"]
[BlackElo "2571"]
[WhiteElo "2515"]

1. d4 {[%clk 0:03:03]} d5 {[%clk 0:03:00]} 2. c4 {[%clk 0:03:04]} e6
{[%clk 0:03:01]} 3. Nf3 {[%clk 0:03:05]} Nf6 {[%clk 0:03:02]} 4. Nc3
{[%clk 0:03:06]} dxc4 {[%clk 0:03:03]} 5. e4 {[%clk 0:03:07]} b5 {[%clk 0:03:04]}
6. e5 {[%clk 0:03:02]} Nd5 {[%clk 0:03:05]} 7. Nxb5 {[%clk 0:03:01]} Nb6
{[%clk 0:03:06]} 8. Be2 {[%clk 0:02:59]} Be7 {[%clk 0:03:05]} 9. O-O
{[%clk 0:02:59]} O-O {[%clk 0:03:05]} 10. Qd2 {[%clk 0:02:59]} Ba6
{[%clk 0:02:59]} 11. Nc3 {[%clk 0:02:58]} Nc6 {[%clk 0:03:00]} 12. Qf4
{[%clk 0:02:55]} f5 {[%clk 0:02:48]} 13. exf6 {[%clk 0:02:46]} Rxf6
{[%clk 0:02:47]} 14. Qg4 {[%clk 0:02:31]} Rg6 {[%clk 0:02:33]} 15. Qh5
{[%clk 0:01:57]} Nd5 {[%clk 0:02:23]} 16. Ne4 {[%clk 0:01:51]} Nf6
{[%clk 0:02:17]} 17. Nxf6+ {[%clk 0:01:49]} Bxf6 {[%clk 0:02:18]} 18. Be3
{[%clk 0:01:05]} Qd5 {[%clk 0:02:17]} 19. Qh3 {[%clk 0:01:05]} Rf8
{[%clk 0:01:34]} 20. Rfd1 {[%clk 0:00:49]} Nb4 {[%clk 0:01:26]} 21. Ne1
{[%clk 0:00:34]} Bg5 {[%clk 0:01:02]} 22. Bxg5 {[%clk 0:00:27]} Qxg5
{[%clk 0:00:59]} 23. a3 {[%clk 0:00:27]} Nd5 {[%clk 0:00:55]} 24. Bf1
{[%clk 0:00:20]} Bb7 {[%clk 0:00:43]} 25. Nf3 {[%clk 0:00:19]} Qf6
{[%clk 0:00:37]} 26. Ne5 {[%clk 0:00:09]} Nf4 {[%clk 0:00:38]} 27. Qe3
{[%clk 0:00:03]} Nxg2 {[%clk 0:00:35]} 28. Qd2 {[%clk 0:00:04]} Nh4+
{[%clk 0:00:31]} 0-1

[Event "Blitz 2018"]
[Site "Saint-Petersburg"]
[Date "2018.12.30"]
[Round "21"]
[Board "47"]
[White "Rakhmanov Aleksandr (RUS)"]
[Black "Geller Jakov (RUS)"]
[Result "1-0"]
[LiveChessVersion "1.4.8"]
[BlackElo "2528"]
[WhiteElo "2615"]

1. c4 {[%clk 0:03:02]} e6 {[%clk 0:03:02]} 2. e4 {[%clk 0:03:03]} c5
{[%clk 0:03:01]} 3. Nc3 {[%clk 0:03:03]} Nc6 {[%clk 0:03:01]} 4. Nf3
{[%clk 0:03:04]} Nf6 {[%clk 0:03:01]} 5. Be2 {[%clk 0:03:05]} a6 {[%clk 0:02:59]}
6. O-O {[%clk 0:03:02]} Qc7 {[%clk 0:02:58]} 7. d4 {[%clk 0:03:02]} cxd4
{[%clk 0:02:59]} 8. Nxd4 {[%clk 0:03:02]} d6 {[%clk 0:03:00]} 9. Be3
{[%clk 0:03:03]} Be7 {[%clk 0:03:00]} 10. Rc1 {[%clk 0:03:04]} Ne5
{[%clk 0:03:01]} 11. b3 {[%clk 0:03:00]} O-O {[%clk 0:03:01]} 12. f4
{[%clk 0:03:01]} Ned7 {[%clk 0:03:02]} 13. f5 {[%clk 0:03:01]} Ne5
{[%clk 0:03:00]} 14. g4 {[%clk 0:02:58]} h6 {[%clk 0:02:20]} 15. h4
{[%clk 0:02:44]} Nh7 {[%clk 0:02:17]} 16. Qe1 {[%clk 0:02:42]} Qd8
{[%clk 0:02:15]} 17. Bf2 {[%clk 0:02:40]} Bd7 {[%clk 0:02:15]} 18. Bg3
{[%clk 0:02:38]} Rc8 {[%clk 0:02:07]} 19. Kh2 {[%clk 0:02:38]} Bf6
{[%clk 0:02:02]} 20. Qf2 {[%clk 0:02:36]} Qa5 {[%clk 0:01:48]} 21. Kh3
{[%clk 0:02:18]} b5 {[%clk 0:01:49]} 22. Qe3 {[%clk 0:01:43]} bxc4
{[%clk 0:01:48]} 23. b4 {[%clk 0:01:44]} Qd8 {[%clk 0:01:44]} 24. a4
{[%clk 0:01:43]} d5 {[%clk 0:01:24]} 25. exd5 {[%clk 0:01:36]} Nd3
{[%clk 0:01:13]} 26. Bxd3 {[%clk 0:01:25]} cxd3 {[%clk 0:01:12]} 27. Qxd3
{[%clk 0:00:47]} Bxd4 {[%clk 0:01:07]} 28. Qxd4 {[%clk 0:00:48]} exf5
{[%clk 0:01:07]} 29. gxf5 {[%clk 0:00:49]} Re8 {[%clk 0:01:04]} 30. b5
{[%clk 0:00:44]} axb5 {[%clk 0:01:01]} 31. axb5 {[%clk 0:00:45]} Qa5
{[%clk 0:00:34]} 32. b6 {[%clk 0:00:46]} Qa6 {[%clk 0:00:35]} 33. Bc7
{[%clk 0:00:42]} Nf6 {[%clk 0:00:27]} 34. Rf2 {[%clk 0:00:28]} Qa3
{[%clk 0:00:25]} 35. Rg1 {[%clk 0:00:27]} Nh5 {[%clk 0:00:18]} 36. Kh2
{[%clk 0:00:26]} f6 {[%clk 0:00:18]} 37. Rfg2 {[%clk 0:00:23]} Bxf5
{[%clk 0:00:18]} 38. d6 {[%clk 0:00:21]} Bd7 {[%clk 0:00:16]} 39. b7
{[%clk 0:00:22]} Rb8 {[%clk 0:00:13]} 40. Bxb8 {[%clk 0:00:22]} Rxb8
{[%clk 0:00:15]} 41. Qd5+ {[%clk 0:00:21]} Kf8 {[%clk 0:00:15]} 42. Qxh5
{[%clk 0:00:22]} Qxc3 {[%clk 0:00:16]} 43. Rxg7 {[%clk 0:00:21]} Qd2+
{[%clk 0:00:17]} 44. R1g2 {[%clk 0:00:10]} Qxd6+ {[%clk 0:00:17]} 45. R7g3
{[%clk 0:00:11]} Rxb7 {[%clk 0:00:15]} 46. Qxh6+ {[%clk 0:00:12]} Ke7
{[%clk 0:00:16]} 47. Re2+ {[%clk 0:00:11]} Kd8 {[%clk 0:00:17]} 48. Rd2
{[%clk 0:00:08]} Qe5 {[%clk 0:00:15]} 49. Qf8+ {[%clk 0:00:09]} Kc7
{[%clk 0:00:16]} 50. Rc2+ {[%clk 0:00:10]} Kb6 {[%clk 0:00:13]} 51. Qa3
{[%clk 0:00:07]} Bc6 {[%clk 0:00:08]} 52. Qe3+ {[%clk 0:00:04]} Qxe3 53. Rxe3
{[%clk 0:00:06]} Bd5 {[%clk 0:00:04]} 54. Rf2 {[%clk 0:00:06]} Rf7
{[%clk 0:00:05]} 55. Rf5 {[%clk 0:00:06]} Kc6 {[%clk 0:00:06]} 56. Rc3+
{[%clk 0:00:06]} Kd6 {[%clk 0:00:03]} 57. Rd3 {[%clk 0:00:08]} 1-0

[Event "Blitz 2018"]
[Site "Saint-Petersburg"]
[Date "2018.12.30"]
[Round "21"]
[Board "48"]
[White "Lintchevski Daniil (RUS)"]
[Black "Nozdrachev Vladislav (RUS)"]
[Result "1/2-1/2"]
[LiveChessVersion "1.4.8"]
[BlackElo "2521"]
[WhiteElo "2594"]

1. e4 {[%clk 0:03:03]} e5 {[%clk 0:03:04]} 2. Nf3 {[%clk 0:03:04]} Nc6
{[%clk 0:03:05]} 3. Nc3 {[%clk 0:03:05]} Bc5 {[%clk 0:03:05]} 4. Nxe5
{[%clk 0:03:03]} Nxe5 {[%clk 0:03:06]} 5. d4 {[%clk 0:03:04]} Bd6
{[%clk 0:03:07]} 6. dxe5 {[%clk 0:03:05]} Bxe5 {[%clk 0:03:09]} 7. Qd3
{[%clk 0:03:05]} Nf6 {[%clk 0:02:54]} 8. Bd2 {[%clk 0:03:07]} O-O
{[%clk 0:02:54]} 9. O-O-O {[%clk 0:03:07]} Qe7 {[%clk 0:02:50]} 10. Re1
{[%clk 0:03:06]} Ng4 {[%clk 0:02:41]} 11. Nd1 {[%clk 0:02:37]} c6
{[%clk 0:02:27]} 12. h3 {[%clk 0:02:24]} Nf6 {[%clk 0:02:28]} 13. f4
{[%clk 0:02:24]} Bc7 {[%clk 0:02:29]} 14. e5 {[%clk 0:02:22]} Nd5
{[%clk 0:02:30]} 15. Nc3 {[%clk 0:02:16]} Nb4 {[%clk 0:02:19]} 16. Qf3
{[%clk 0:02:07]} d5 {[%clk 0:02:18]} 17. a3 {[%clk 0:01:59]} Na6 {[%clk 0:02:15]}
18. Bxa6 {[%clk 0:01:57]} bxa6 {[%clk 0:02:16]} 19. Qf2 {[%clk 0:01:33]} Rb8
{[%clk 0:01:17]} 20. Be3 {[%clk 0:01:33]} Bb6 {[%clk 0:01:10]} 21. Bxb6
{[%clk 0:01:34]} axb6 {[%clk 0:01:10]} 22. Kb1 {[%clk 0:01:33]} b5
{[%clk 0:01:11]} 23. f5 {[%clk 0:01:31]} f6 {[%clk 0:01:08]} 24. Qf4
{[%clk 0:01:22]} fxe5 {[%clk 0:01:02]} 25. Rxe5 {[%clk 0:01:22]} Qd6
{[%clk 0:01:02]} 26. g4 {[%clk 0:01:14]} b4 {[%clk 0:01:03]} 27. axb4
{[%clk 0:00:58]} Rxb4 {[%clk 0:01:04]} 28. Qg3 {[%clk 0:00:59]} a5
{[%clk 0:00:44]} 29. Rhe1 {[%clk 0:00:58]} a4 {[%clk 0:00:42]} 30. Kc1
{[%clk 0:00:54]} a3 {[%clk 0:00:40]} 31. bxa3 {[%clk 0:00:53]} Rc4
{[%clk 0:00:38]} 32. Nb1 {[%clk 0:00:48]} Ba6 {[%clk 0:00:29]} 33. Qb3
{[%clk 0:00:46]} h6 {[%clk 0:00:26]} 34. Re8 {[%clk 0:00:46]} Kh7
{[%clk 0:00:22]} 35. Rxf8 {[%clk 0:00:42]} Qxf8 {[%clk 0:00:24]} 36. Re6
{[%clk 0:00:43]} Qc5 {[%clk 0:00:23]} 37. f6 {[%clk 0:00:38]} Qg1+
{[%clk 0:00:23]} 38. Kb2 {[%clk 0:00:37]} Qd4+ {[%clk 0:00:24]} 39. Kc1
{[%clk 0:00:32]} gxf6 {[%clk 0:00:21]} 40. Qf3 {[%clk 0:00:21]} Kg7
{[%clk 0:00:13]} 41. Re7+ {[%clk 0:00:17]} Kf8 42. Re1 {[%clk 0:00:17]} Kf7
{[%clk 0:00:11]} 43. Qf5 {[%clk 0:00:13]} Qf4+ {[%clk 0:00:12]} 44. Qxf4
{[%clk 0:00:14]} Rxf4 {[%clk 0:00:14]} 45. Nd2 {[%clk 0:00:14]} h5
{[%clk 0:00:12]} 46. gxh5 {[%clk 0:00:11]} Rh4 {[%clk 0:00:14]} 47. Nb3
{[%clk 0:00:12]} Rxh3 {[%clk 0:00:12]} 48. a4 {[%clk 0:00:14]} Rxh5
{[%clk 0:00:13]} 49. Nc5 {[%clk 0:00:15]} Bc4 {[%clk 0:00:14]} 50. a5
{[%clk 0:00:08]} Rh8 {[%clk 0:00:15]} 51. Kd2 {[%clk 0:00:09]} d4
{[%clk 0:00:13]} 52. Re4 {[%clk 0:00:09]} Rd8 {[%clk 0:00:07]} 53. a6
{[%clk 0:00:11]} Ra8 {[%clk 0:00:07]} 54. Rxd4 {[%clk 0:00:12]} Bxa6
{[%clk 0:00:09]} 55. Ra4 {[%clk 0:00:11]} Rd8+ {[%clk 0:00:10]} 56. Ke3
{[%clk 0:00:11]} Bb5 {[%clk 0:00:11]} 57. Rh4 {[%clk 0:00:12]} Rd5
{[%clk 0:00:11]} 58. Ne4 {[%clk 0:00:10]} Re5 {[%clk 0:00:12]} 59. Kd4
{[%clk 0:00:10]} Bf1 {[%clk 0:00:09]} 60. Ng3 {[%clk 0:00:07]} Ba6
{[%clk 0:00:10]} 61. Ne4 {[%clk 0:00:09]} Rd5+ {[%clk 0:00:08]} 62. Ke3
{[%clk 0:00:10]} Ke6 {[%clk 0:00:09]} 63. Rh6 {[%clk 0:00:11]} Rf5
{[%clk 0:00:09]} 64. Kd4 {[%clk 0:00:11]} Be2 {[%clk 0:00:08]} 65. Nc5+
{[%clk 0:00:12]} Ke7 {[%clk 0:00:09]} 66. Rh7+ {[%clk 0:00:13]} Ke8
{[%clk 0:00:08]} 67. Ne4 {[%clk 0:00:13]} Rd5+ {[%clk 0:00:06]} 68. Ke3
{[%clk 0:00:14]} Re5 {[%clk 0:00:07]} 69. Kf4 {[%clk 0:00:14]} Re6
{[%clk 0:00:07]} 70. Kf5 {[%clk 0:00:11]} Re5+ {[%clk 0:00:08]} 71. Kf4
{[%clk 0:00:12]} Re6 {[%clk 0:00:08]} 72. Kf5 {[%clk 0:00:13]} Re5+
{[%clk 0:00:09]} 73. Kf4 {[%clk 0:00:15]} Re6 {[%clk 0:00:10]} 74. Kf5
{[%clk 0:00:16]} Re5+ 75. Kf4 Re6 {[%clk 0:00:13]} 76. Nc5 {[%clk 0:00:17]} Re5
{[%clk 0:00:11]} 77. Ne4 {[%clk 0:00:17]} Rxe4+ 78. Kxe4 1/2-1/2

[Event "Blitz 2018"]
[Site "Saint-Petersburg"]
[Date "2018.12.30"]
[Round "21"]
[Board "49"]
[White "Smirin Ilia (ISR)"]
[Black "Salgado Lopez Ivan (ESP)"]
[Result "1-0"]
[LiveChessVersion "1.4.8"]
[BlackElo "2513"]
[WhiteElo "2582"]

1. e4 {[%clk 0:03:03]} c6 {[%clk 0:03:03]} 2. d4 {[%clk 0:03:03]} d5
{[%clk 0:03:04]} 3. exd5 {[%clk 0:02:59]} cxd5 {[%clk 0:03:04]} 4. Nf3
{[%clk 0:03:00]} Nf6 {[%clk 0:03:03]} 5. Ne5 {[%clk 0:03:01]} Nc6
{[%clk 0:03:02]} 6. Bb5 {[%clk 0:02:59]} Bd7 {[%clk 0:03:03]} 7. Nxd7
{[%clk 0:02:59]} Qxd7 {[%clk 0:03:03]} 8. c3 {[%clk 0:02:59]} g6 {[%clk 0:03:03]}
9. O-O {[%clk 0:02:58]} Bg7 {[%clk 0:03:04]} 10. Re1 {[%clk 0:02:53]} O-O
{[%clk 0:03:03]} 11. Nd2 {[%clk 0:02:53]} e6 {[%clk 0:03:00]} 12. a4
{[%clk 0:02:50]} a6 {[%clk 0:03:01]} 13. Bd3 {[%clk 0:02:51]} Rfc8
{[%clk 0:02:54]} 14. Nf3 {[%clk 0:02:50]} Na5 {[%clk 0:02:49]} 15. Ne5
{[%clk 0:02:49]} Qe7 {[%clk 0:02:45]} 16. Bg5 {[%clk 0:02:48]} Qc7
{[%clk 0:02:22]} 17. Qf3 {[%clk 0:02:33]} Ne8 {[%clk 0:02:23]} 18. Ng4
{[%clk 0:02:30]} Nc4 {[%clk 0:02:15]} 19. Re2 {[%clk 0:02:30]} Ned6
{[%clk 0:01:18]} 20. h4 {[%clk 0:02:22]} h5 {[%clk 0:01:15]} 21. Nf6+
{[%clk 0:02:18]} Bxf6 {[%clk 0:01:15]} 22. Qxf6 {[%clk 0:02:13]} Ne8
{[%clk 0:01:14]} 23. Qf3 {[%clk 0:02:11]} Ncd6 {[%clk 0:01:11]} 24. Bxg6
{[%clk 0:01:59]} fxg6 {[%clk 0:01:07]} 25. Rxe6 {[%clk 0:02:00]} Qf7
{[%clk 0:00:51]} 26. Qxd5 {[%clk 0:01:58]} Rc6 {[%clk 0:00:34]} 27. Rxg6+
{[%clk 0:01:55]} Ng7 {[%clk 0:00:35]} 28. Rxd6 {[%clk 0:01:46]} 1-0

[Event "Blitz 2018"]
[Site "Saint-Petersburg"]
[Date "2018.12.30"]
[Round "21"]
[Board "50"]
[White "Iljin Artem (RUS)"]
[Black "Gasanov Eldar (UKR)"]
[Result "1/2-1/2"]
[LiveChessVersion "1.4.8"]
[BlackElo "2581"]
[WhiteElo "2525"]

1. Nf3 {[%clk 0:03:03]} b6 {[%clk 0:03:02]} 2. g3 {[%clk 0:03:01]} Bb7
{[%clk 0:03:03]} 3. Bg2 {[%clk 0:03:02]} g6 {[%clk 0:03:03]} 4. O-O
{[%clk 0:03:01]} Bg7 {[%clk 0:03:04]} 5. d4 {[%clk 0:03:00]} Nf6 {[%clk 0:03:04]}
6. c4 {[%clk 0:02:58]} O-O {[%clk 0:03:03]} 7. b3 {[%clk 0:02:30]} e6
{[%clk 0:02:54]} 8. Bb2 {[%clk 0:02:29]} d5 {[%clk 0:02:53]} 9. cxd5
{[%clk 0:02:18]} exd5 {[%clk 0:02:47]} 10. Nc3 {[%clk 0:02:19]} Re8
{[%clk 0:02:45]} 11. Rc1 {[%clk 0:02:20]} Na6 {[%clk 0:02:44]} 12. e3
{[%clk 0:02:20]} c6 {[%clk 0:02:38]} 13. Ne2 {[%clk 0:02:17]} Nc7
{[%clk 0:02:34]} 14. Nf4 {[%clk 0:02:18]} Ne6 {[%clk 0:02:30]} 15. Nd3
{[%clk 0:02:13]} Ne4 {[%clk 0:02:26]} 16. Rc2 {[%clk 0:02:14]} a5
{[%clk 0:02:21]} 17. a4 {[%clk 0:02:09]} Rc8 {[%clk 0:02:18]} 18. Qc1
{[%clk 0:02:09]} Rc7 {[%clk 0:02:01]} 19. Rd1 {[%clk 0:02:10]} Qa8
{[%clk 0:01:55]} 20. Nfe5 {[%clk 0:01:43]} Rec8 {[%clk 0:01:52]} 21. Nf4
{[%clk 0:01:08]} Nxf4 {[%clk 0:01:46]} 22. gxf4 {[%clk 0:01:09]} c5
{[%clk 0:01:20]} 23. dxc5 {[%clk 0:01:08]} Nxc5 {[%clk 0:01:16]} 24. Qb1
{[%clk 0:01:00]} Ne4 {[%clk 0:01:05]} 25. Rxc7 {[%clk 0:01:00]} Rxc7
{[%clk 0:01:06]} 26. Bxe4 {[%clk 0:00:50]} dxe4 {[%clk 0:01:07]} 27. Nd7
{[%clk 0:00:35]} Qc8 {[%clk 0:00:56]} 28. Bxg7 {[%clk 0:00:27]} Rxd7
{[%clk 0:00:52]} 29. Rc1 {[%clk 0:00:24]} Rc7 {[%clk 0:00:23]} 30. Rxc7
{[%clk 0:00:24]} Qg4+ {[%clk 0:00:11]} 31. Kh1 {[%clk 0:00:16]} Qf3+
{[%clk 0:00:09]} 32. Kg1 {[%clk 0:00:18]} Qg4+ {[%clk 0:00:10]} 33. Kh1
{[%clk 0:00:16]} Qf3+ {[%clk 0:00:10]} 34. Kg1 {[%clk 0:00:17]} Qg4+
{[%clk 0:00:09]} 35. Kh1 {[%clk 0:00:16]} Qf3+ {[%clk 0:00:07]} 36. Kg1
{[%clk 0:00:18]} Qg4+ 37. Kh1 1/2-1/2

[Event "Blitz 2018"]
[Site "Saint-Petersburg"]
[Date "2018.12.30"]
[Round "21"]
[Board "51"]
[White "Vishnu Prasanna. V (IND)"]
[Black "Saric Ivan (CRO)"]
[Result "0-1"]
[LiveChessVersion "1.4.8"]
[BlackElo "2572"]
[WhiteElo "2519"]

1. Nf3 {[%clk 0:03:02]} g6 {[%clk 0:03:02]} 2. d4 {[%clk 0:03:01]} Bg7
{[%clk 0:03:03]} 3. e4 {[%clk 0:03:01]} d6 {[%clk 0:03:05]} 4. Bc4
{[%clk 0:03:00]} Nf6 {[%clk 0:03:06]} 5. Qe2 {[%clk 0:03:01]} Nc6
{[%clk 0:03:07]} 6. h3 {[%clk 0:02:56]} e5 {[%clk 0:03:07]} 7. dxe5
{[%clk 0:02:34]} Nxe5 {[%clk 0:03:08]} 8. Nxe5 {[%clk 0:02:31]} dxe5
{[%clk 0:03:09]} 9. O-O {[%clk 0:02:28]} Nh5 {[%clk 0:03:10]} 10. Nc3
{[%clk 0:02:20]} c6 {[%clk 0:03:11]} 11. Be3 {[%clk 0:02:14]} O-O
{[%clk 0:03:10]} 12. Qf3 {[%clk 0:02:01]} Qe7 {[%clk 0:02:58]} 13. Rad1
{[%clk 0:01:53]} b5 {[%clk 0:02:56]} 14. Bb3 {[%clk 0:01:51]} a5 {[%clk 0:02:58]}
15. a4 {[%clk 0:01:51]} b4 {[%clk 0:02:54]} 16. Nb1 {[%clk 0:01:51]} Nf4
{[%clk 0:02:28]} 17. Nd2 {[%clk 0:01:44]} Ne6 {[%clk 0:02:19]} 18. Nc4
{[%clk 0:01:36]} Ba6 {[%clk 0:02:19]} 19. Rfe1 {[%clk 0:01:24]} Bxc4
{[%clk 0:02:09]} 20. Bxc4 {[%clk 0:01:25]} Nd4 {[%clk 0:01:52]} 21. Bxd4
{[%clk 0:01:19]} exd4 {[%clk 0:01:53]} 22. Qd3 {[%clk 0:01:13]} Kh8
{[%clk 0:01:30]} 23. f4 {[%clk 0:01:11]} Rad8 {[%clk 0:01:31]} 24. b3
{[%clk 0:01:09]} g5 {[%clk 0:01:29]} 25. e5 {[%clk 0:01:05]} gxf4
{[%clk 0:01:28]} 26. Qf5 {[%clk 0:01:05]} Qh4 {[%clk 0:01:12]} 27. Rf1
{[%clk 0:01:06]} Rde8 {[%clk 0:01:03]} 28. Rxf4 {[%clk 0:00:59]} Qg3
{[%clk 0:00:53]} 29. Bd3 {[%clk 0:00:35]} Qg6 {[%clk 0:00:55]} 30. Qd7
{[%clk 0:00:25]} Qg5 {[%clk 0:00:53]} 31. Rg4 {[%clk 0:00:22]} Qxe5
{[%clk 0:00:49]} 32. Rf1 {[%clk 0:00:23]} Qe6 {[%clk 0:00:30]} 33. Qa7
{[%clk 0:00:13]} Qd5 {[%clk 0:00:12]} 34. Rgf4 {[%clk 0:00:07]} f6
{[%clk 0:00:06]} 35. Rf5 {[%clk 0:00:07]} Re5 {[%clk 0:00:07]} 36. R5f4
{[%clk 0:00:04]} f5 {[%clk 0:00:07]} 37. Rxd4 {[%clk 0:00:04]} Qe6
{[%clk 0:00:06]} 38. Rd7 {[%clk 0:00:04]} Qg6 {[%clk 0:00:06]} 39. Rc7
{[%clk 0:00:04]} Re6 {[%clk 0:00:07]} 40. Bc4 {[%clk 0:00:05]} Rd6
{[%clk 0:00:07]} 41. Kh1 {[%clk 0:00:06]} Be5 {[%clk 0:00:07]} 42. Bd3
{[%clk 0:00:06]} Rg8 {[%clk 0:00:07]} 43. Qf2 {[%clk 0:00:06]} Bd4
{[%clk 0:00:07]} 44. Qf3 {[%clk 0:00:07]} Rf6 {[%clk 0:00:08]} 45. Rd7
{[%clk 0:00:07]} Be5 {[%clk 0:00:09]} 46. Re7 {[%clk 0:00:07]} Bd6
{[%clk 0:00:10]} 47. Re2 {[%clk 0:00:06]} Qg5 {[%clk 0:00:11]} 48. Bxf5
{[%clk 0:00:06]} Rgf8 {[%clk 0:00:10]} 49. g4 {[%clk 0:00:06]} Qh4
{[%clk 0:00:10]} 50. Qd3 {[%clk 0:00:06]} h5 {[%clk 0:00:09]} 51. Kg2
{[%clk 0:00:06]} hxg4 {[%clk 0:00:10]} 52. Rh1 {[%clk 0:00:03]} Rxf5
{[%clk 0:00:07]} 53. hxg4 {[%clk 0:00:03]} Rf2+ {[%clk 0:00:09]} 54. Rxf2
{[%clk 0:00:04]} Rxf2+ {[%clk 0:00:10]} 0-1

[Event "Blitz 2018"]
[Site "Saint-Petersburg"]
[Date "2018.12.30"]
[Round "21"]
[Board "52"]
[White "Shinkevich Vitaly (RUS)"]
[Black "Al-Sayed Mohammed (QAT)"]
[Result "0-1"]
[LiveChessVersion "1.4.8"]
[BlackElo "2547"]
[WhiteElo "2445"]

1. d4 d5 {[%clk 0:03:01]} 2. c4 {[%clk 0:03:02]} c6 {[%clk 0:03:03]} 3. Nf3
{[%clk 0:03:03]} Nf6 {[%clk 0:03:04]} 4. Nc3 {[%clk 0:03:04]} e6 {[%clk 0:03:05]}
5. g3 {[%clk 0:03:04]} dxc4 {[%clk 0:03:06]} 6. Bg2 {[%clk 0:03:06]} b5
{[%clk 0:03:06]} 7. Ne5 {[%clk 0:03:06]} a6 {[%clk 0:02:19]} 8. O-O
{[%clk 0:03:04]} Bb7 {[%clk 0:02:20]} 9. b3 {[%clk 0:03:03]} cxb3
{[%clk 0:02:18]} 10. axb3 {[%clk 0:03:04]} Nbd7 {[%clk 0:02:15]} 11. Bg5
{[%clk 0:01:43]} Nxe5 {[%clk 0:02:07]} 12. dxe5 {[%clk 0:01:43]} Qxd1
{[%clk 0:02:07]} 13. Rfxd1 {[%clk 0:01:44]} Nd7 {[%clk 0:01:59]} 14. f4
{[%clk 0:01:44]} h6 {[%clk 0:01:56]} 15. Bh4 {[%clk 0:01:45]} g5 {[%clk 0:01:47]}
16. fxg5 {[%clk 0:01:45]} Nxe5 {[%clk 0:01:40]} 17. Ne4 {[%clk 0:01:46]} Be7
{[%clk 0:01:36]} 18. gxh6 {[%clk 0:01:44]} Bxh4 {[%clk 0:01:10]} 19. Nd6+
{[%clk 0:01:45]} Ke7 {[%clk 0:01:09]} 20. Nxb7 {[%clk 0:01:44]} Bg5
{[%clk 0:01:07]} 21. Na5 {[%clk 0:01:00]} Rac8 {[%clk 0:01:08]} 22. Nb7
{[%clk 0:01:01]} Be3+ {[%clk 0:00:59]} 23. Kf1 {[%clk 0:00:38]} Rxh6 24. h3 Rf6+
{[%clk 0:00:56]} 25. Ke1 {[%clk 0:00:38]} Rf2 {[%clk 0:00:46]} 26. Bf1
{[%clk 0:00:35]} Rg8 {[%clk 0:00:26]} 27. g4 f5 28. Rxa6 {[%clk 0:00:24]} fxg4
{[%clk 0:00:27]} 29. hxg4 {[%clk 0:00:08]} Rxg4 {[%clk 0:00:28]} 0-1